| 000 | 01286nam a2200289 a 4500 | ||
|---|---|---|---|
| 003 | BLK | ||
| 005 | 20250321182349.0 | ||
| 008 | 230324b bu |||||r|||| 00| | bu d | ||
| 020 | _a9786190111856 | ||
| 040 | _aBLK | ||
| 041 |
_aBUL _cBUL |
||
| 080 |
_aАмериканска литература (на САЩ) _b821.111(73) _x-312.4 _z821.111(73)-312.4 |
||
| 100 |
_9242451 _aКунц, Дийн Р. |
||
| 245 |
_aМистериум _cДийн Кунц ; прев. от англ. Боряна Даракчиева, Стефан Георгиев |
||
| 260 |
_9210881 _aСофия _bИзток-Запад _c2023 _n978-619-01- ; 978-619-152- ; 978-954-321- ; 954-8945- |
||
| 300 |
_a336 с. _c21 см |
||
| 380 | _aX | ||
| 490 |
_9206327 _aMagica |
||
| 500 | _aПрев. по: Devoted / Dean Koontz. Биогр. данни за авт. отбелязани на гърба на кор. | ||
| 700 |
_91021 _aДаракчиева, Боряна Неделчева _eпрев. от англ. |
||
| 700 |
_aГеоргиев, Стефан Любомиров _d1972- _9382280 |
||
| 852 |
_aЦб 319956 _bЦб |
||
| 856 |
_i0.00 _ldisable |
||
| 942 |
_cKNG _n0 _s1 _012 |
||
| 944 |
_aCR _c2023 _k30575 _lМартин Енчев |
||
| 999 |
_c490172 _d490172 |
||